A történelem értelmének elvesztésétől való félelem teológiai reflexiók a történelem terrorisztikus végződésének lehetőségével számot vető történelemfilozófiai kísérletekre /
Elmentve itt :
| Szerző: | |
|---|---|
| Dokumentumtípus: | Könyv része |
| Megjelent: |
Pro Philosophia Szegediensi Alapítvány, Magyar Filozófiai Társaság, Státus
Szeged
2025
|
| Sorozat: | Lábjegyzetek Platónhoz
22 A félelem 22 |
| Kulcsszavak: | Történelemfilozófia |
| Tárgyszavak: | |
| Online Access: | http://acta.bibl.u-szeged.hu/89254 |
| LEADER | 01015naa a2200229 i 4500 | ||
|---|---|---|---|
| 001 | acta89254 | ||
| 005 | 20251213084453.0 | ||
| 008 | 251213s2025 hu o 000 hun d | ||
| 020 | |a 978-615-5727-10-8 | ||
| 022 | |a 1785-7082 | ||
| 040 | |a SZTE Egyetemi Kiadványok Repozitórium |b hun | ||
| 041 | |a hun | ||
| 100 | 1 | |a Radomir Mária | |
| 245 | 1 | 2 | |a A történelem értelmének elvesztésétől való félelem |h [elektronikus dokumentum] : |b teológiai reflexiók a történelem terrorisztikus végződésének lehetőségével számot vető történelemfilozófiai kísérletekre / |c Radomir Mária |
| 260 | |a Pro Philosophia Szegediensi Alapítvány, Magyar Filozófiai Társaság, Státus |b Szeged |c 2025 | ||
| 300 | |a 340-347 | ||
| 490 | 0 | |a Lábjegyzetek Platónhoz |v 22 | |
| 490 | 0 | |a A félelem |v 22 | |
| 650 | 4 | |a Bölcsészettudományok | |
| 650 | 4 | |a Filozófia, etika és vallástudományok | |
| 695 | |a Történelemfilozófia | ||
| 856 | 4 | 0 | |u http://acta.bibl.u-szeged.hu/89254/1/platonhoz_022_340-347.pdf |z Dokumentum-elérés |